000 00615nam a22002297a 4500
003 UA-OsUOA
001 37122
007 ta
008 20060223b un ||||| |||| 00| 0 ukr d
100 _aСикорський Н. М.
090 _a808.2:655.254.22
_bС35
942 _cBK
040 _aUA-OsUOA
_brus
_cUA-OsUOA
_dUA-OsUOA
245 _aТеория и практика редактирования
300 _a366 с.
955 _a2
041 _arus
080 _a808.2:655.254.22
260 _aМ.
_bВища школа
_c1971
650 7 _a808.2 Російська мова
_2UDC
999 _c323315
_d323315